Komédia plná slnka

Bibliographic Details
Format: Article
Language:Slovak
Subjects:

MARC

LEADER 00000nab a2200000 ar4500
001 vtls010062811
003 SK-MaSNL
005 20260426063027.0
008 100209c1974 xo |r|p|||||||000 b|slo
015 |a SNBRB1974 
038 |a SNKBUCL 
040 |a SNKBUCL  |b slo  |c SNKBUCL  |e AACR2 
041 |a slo 
044 |a xo  |c SK 
080 |a 792.2  |2 1997 
245 0 0 |a Komédia plná slnka  |c [autor] (ir) 
600 1 7 |a Pirandello, Luigi,  |d 1867-1936  |t Sicílska komédia  |2 snkbucl  |9 1230896 
610 2 7 |a Divadlo Nová scéna  |2 snkbucl  |9 228251 
651 7 |a Bratislava (Slovensko)  |2 snkbucl  |9 14568 
655 7 |a recenzie  |2 snkbucl  |9 21907 
773 0 |t Smena  |g (10.7.1974), s. 6 
852 |a SNK  |b KIS3GCP 
958 |a RC 
999 |c 2551913  |d 2553843